| 000 | 00562nam a22001577a 4500 | ||
|---|---|---|---|
| 999 |
_c181876 _d181876 |
||
| 005 | 20211007152206.0 | ||
| 010 | _aEN230921 | ||
| 020 |
_a9789389648768 _c599.00 |
||
| 037 | _bWestland Publications | ||
| 100 | _aRam Madhav | ||
| 245 |
_aBecause India comes first: reflection on nationalism, identity and culture / _cby Ram Madhav |
||
| 260 |
_aChennai _bWestland Publications _c2020 |
||
| 270 |
_bChennai _a1st Floor,A Block,East Wing,Plot No.40,SP Infocity,Dr MGR Salai,Perungudi,Kandanchavadi, _e600096 |
||
| 300 |
_axii,285p. _c23cm(Hb) |
||
| 942 |
_2ddc _cEN _mRAM |
||